<?xml version="1.0" encoding="UTF-8"?>
<record
    xmlns:xsi="http://www.w3.org/2001/XMLSchema-instance"
    xsi:schemaLocation="http://www.loc.gov/MARC21/slim http://www.loc.gov/standards/marcxml/schema/MARC21slim.xsd"
    xmlns="http://www.loc.gov/MARC21/slim">

  <leader>04432nam a2200385 a 4500</leader>
  <controlfield tag="003">CHAP</controlfield>
  <controlfield tag="005">20250604100908.0</controlfield>
  <controlfield tag="007">ta</controlfield>
  <controlfield tag="008">250210s2024    mx abdofom||| 001 0 spa d</controlfield>
  <datafield tag="040" ind1=" " ind2=" ">
    <subfield code="e">rda</subfield>
  </datafield>
  <datafield tag="041" ind1=" " ind2=" ">
    <subfield code="a">spa</subfield>
    <subfield code="b">eng</subfield>
  </datafield>
  <datafield tag="100" ind1="1" ind2=" ">
    <subfield code="a">Trujillo Santiago, Zaira</subfield>
    <subfield code="9">190089</subfield>
  </datafield>
  <datafield tag="240" ind1="1" ind2="0">
    <subfield code="a">Current situation of honey production and marketing in the Central Valleys of Oaxaca.</subfield>
    <subfield code="l">Espa&#xF1;ol</subfield>
  </datafield>
  <datafield tag="245" ind1="1" ind2="0">
    <subfield code="a">Situaci&#xF3;n actual de la producci&#xF3;n y comercializaci&#xF3;n de la miel en los Valles Centrales de Oaxaca /</subfield>
    <subfield code="c">Zaira Trujillo Santiago</subfield>
  </datafield>
  <datafield tag="264" ind1=" " ind2=" ">
    <subfield code="a">Chapingo, M&#xE9;xico :</subfield>
    <subfield code="b">El autor,</subfield>
    <subfield code="c">2024</subfield>
  </datafield>
  <datafield tag="300" ind1=" " ind2=" ">
    <subfield code="a">1 recurso en l&#xED;nea (viii,88 p&#xE1;ginas) :</subfield>
    <subfield code="b">ilustraciones, tablas, gr&#xE1;ficas, mapas, fotograf&#xED;as</subfield>
  </datafield>
  <datafield tag="336" ind1=" " ind2=" ">
    <subfield code="2">rdacontent</subfield>
    <subfield code="a">texto</subfield>
    <subfield code="b">txt</subfield>
  </datafield>
  <datafield tag="337" ind1=" " ind2=" ">
    <subfield code="2">rdamedia</subfield>
    <subfield code="a">computadora</subfield>
    <subfield code="b">c</subfield>
  </datafield>
  <datafield tag="338" ind1=" " ind2=" ">
    <subfield code="2">rdacarrier</subfield>
    <subfield code="a">recurso en l&#xED;nea</subfield>
    <subfield code="b">cr</subfield>
  </datafield>
  <datafield tag="502" ind1=" " ind2=" ">
    <subfield code="a">Tesis</subfield>
    <subfield code="b">IA</subfield>
    <subfield code="c">Agroindustrias</subfield>
    <subfield code="d">2024</subfield>
    <subfield code="g">LIC</subfield>
  </datafield>
  <datafield tag="504" ind1=" " ind2=" ">
    <subfield code="a">Bibliograf&#xED;a: p&#xE1;ginas 64-68</subfield>
  </datafield>
  <datafield tag="520" ind1="3" ind2=" ">
    <subfield code="a">En el Estado de Oaxaca la apicultura ha tenido un crecimiento considerable durante los &#xFA;ltimos a&#xF1;os, principalmente en las regiones Costa y Mixteca, sin embargo, la producci&#xF3;n de miel en la regi&#xF3;n de los Valles Centrales, aunque tambi&#xE9;n ha ido aumentando, a&#xFA;n es baja debido a que hay pocos apicultores en la zona y en su mayor&#xED;a son peque&#xF1;os y medianos. El objetivo de esta investigaci&#xF3;n fue elaborar un diagn&#xF3;stico para conocer la situaci&#xF3;n actual de la producci&#xF3;n y comercializaci&#xF3;n de la miel en los Valles Centrales de Oaxaca y al mismo tiempo conocer el grado de implementaci&#xF3;n de los sistemas de trazabilidad en estos procesos, para esto se realiz&#xF3; una encuesta a algunos productores de la zona, as&#xED; como a los consumidores potenciales de miel en el Estado; los resultados de la investigaci&#xF3;n revelaron que, aunque ciertamente el volumen de miel que producen los apicultores de la zona es bajo, es suficiente para abastecer la demanda en la regi&#xF3;n y aun para venderla con algunas empresas acopiadoras de otras regiones que la comercializan a nivel internacional; tambi&#xE9;n se encontr&#xF3; que los productores cumplen satisfactoriamente con los par&#xE1;metros de calidad y precio que los consumidores de la zona demandan. Tambi&#xE9;n se elabor&#xF3; un an&#xE1;lisis FODA, el cual revel&#xF3; que en la regi&#xF3;n de los Valles Centrales hay muchas oportunidades de mejora que los productores podr&#xED;an aprovechar para mejorar e incrementar su producci&#xF3;n, as&#xED; como sus ganancias.</subfield>
  </datafield>
  <datafield tag="520" ind1="3" ind2=" ">
    <subfield code="a">Beekeeping in the state of Oaxaca has grown considerably in recent years, mainly in the Coast and Mixtec regions; however, honey production in the Central Valleys region, although it has also been increasing, is still low because there are few beekeepers in the area and most of them are small and medium-sized. The objective of this research was to elaborate a diagnosis to understand the current situation of honey production and marketing in the Central Valleys of Oaxaca and, at the same time, to determine the degree of implementation of traceability systems in these processes. For this purpose, a survey was conducted with some producers in the area, as well as with potential consumers of honey in the state. The results of the research revealed that, although the volume of honey produced by beekeepers in the area is indeed low, it is sufficient to meet the demand in the region and even to sell to some companies in other regions that market it internationally. It was also found that the producers satisfactorily meet the quality and price parameters demanded by consumers in the area. A SWOT analysis was also conducted, revealing that there are many opportunities for improvement in the Central Valleys region that producers could take advantage of to enhance and increase their production, as well as their profits.</subfield>
  </datafield>
  <datafield tag="650" ind1="1" ind2="3">
    <subfield code="a">Miel</subfield>
    <subfield code="2">atg</subfield>
    <subfield code="9">140677</subfield>
  </datafield>
  <datafield tag="650" ind1="1" ind2="3">
    <subfield code="a">Apicultura</subfield>
    <subfield code="2">atg</subfield>
    <subfield code="9">6241</subfield>
  </datafield>
  <datafield tag="650" ind1="1" ind2="3">
    <subfield code="a">Miel y productos fabricados por abejas</subfield>
    <subfield code="2">atg</subfield>
    <subfield code="9">143229</subfield>
    <subfield code="x">Industria y comercio</subfield>
    <subfield code="z">M&#xE9;xico</subfield>
  </datafield>
  <datafield tag="650" ind1="1" ind2="3">
    <subfield code="a">Honey</subfield>
    <subfield code="2">atg</subfield>
    <subfield code="9">158819</subfield>
  </datafield>
  <datafield tag="650" ind1="1" ind2="3">
    <subfield code="a">Apiculture  </subfield>
    <subfield code="2">atg</subfield>
    <subfield code="9">147737</subfield>
  </datafield>
  <datafield tag="650" ind1="1" ind2="3">
    <subfield code="a">Honey and bee products</subfield>
    <subfield code="2">atg</subfield>
    <subfield code="9">147739</subfield>
    <subfield code="x">Industry and trade</subfield>
    <subfield code="z">Mexico</subfield>
  </datafield>
  <datafield tag="700" ind1="1" ind2=" ">
    <subfield code="a">Reyna Izaguirre, Diana Am&#xE9;rica</subfield>
    <subfield code="9">147338</subfield>
    <subfield code="e">directora</subfield>
  </datafield>
  <datafield tag="700" ind1="1" ind2=" ">
    <subfield code="a">Trujillo L&#xF3;pez, Efr&#xE9;n</subfield>
    <subfield code="9">115408</subfield>
    <subfield code="e">asesor</subfield>
  </datafield>
  <datafield tag="700" ind1="1" ind2=" ">
    <subfield code="a">Mart&#xED;nez Mosqueda, Francisco</subfield>
    <subfield code="9">148600</subfield>
    <subfield code="e">asesor</subfield>
  </datafield>
  <datafield tag="856" ind1="4" ind2="0">
    <subfield code="y">DESCARGAR PDF</subfield>
    <subfield code="u">http://10.13.5.2/tesis/tl/1212508-7_TRUJILLO_SANTIAGO_ZAIRA.pdf</subfield>
  </datafield>
  <datafield tag="942" ind1=" " ind2=" ">
    <subfield code="2">Clasificaci&#xF3;n Universidad Aut&#xF3;noma Chapingo</subfield>
    <subfield code="c">TD</subfield>
  </datafield>
  <datafield tag="999" ind1=" " ind2=" ">
    <subfield code="c">220446</subfield>
    <subfield code="d">220446</subfield>
  </datafield>
  <datafield tag="952" ind1=" " ind2=" ">
    <subfield code="0">0</subfield>
    <subfield code="1">0</subfield>
    <subfield code="2">local</subfield>
    <subfield code="4">0</subfield>
    <subfield code="7">0</subfield>
    <subfield code="8">TesDigL</subfield>
    <subfield code="a">IA_</subfield>
    <subfield code="b">IA_</subfield>
    <subfield code="c">E_L</subfield>
    <subfield code="d">2025-02-10</subfield>
    <subfield code="e">El autor</subfield>
    <subfield code="l">0</subfield>
    <subfield code="p">1201015261</subfield>
    <subfield code="r">2025-02-10 13:35:33</subfield>
    <subfield code="w">2025-02-10</subfield>
    <subfield code="y">TD</subfield>
  </datafield>
  <datafield tag="952" ind1=" " ind2=" ">
    <subfield code="0">0</subfield>
    <subfield code="1">0</subfield>
    <subfield code="2">local</subfield>
    <subfield code="4">0</subfield>
    <subfield code="5">1</subfield>
    <subfield code="7">0</subfield>
    <subfield code="8">TesDigL</subfield>
    <subfield code="a">BD</subfield>
    <subfield code="b">BD</subfield>
    <subfield code="c">E_L</subfield>
    <subfield code="d">2025-06-04</subfield>
    <subfield code="l">0</subfield>
    <subfield code="o">Tesis digital</subfield>
    <subfield code="r">2025-06-04 11:03:16</subfield>
    <subfield code="w">2025-06-04</subfield>
    <subfield code="y">TD</subfield>
  </datafield>
</record>
